Australian States and Territories Without First or Last Letters Quiz - Statistics

General Stats
  • This quiz has been taken 26 times
  • The average score is 8 of 8
Answer Stats
Australian States and Territories Without First or Last Letters Full Australian States and Territories Names % Correct
orther erritor Northern Territory
100%
ueenslan Queensland
100%
asmani Tasmania
100%
ictori Victoria
100%
ester ustrali Western Australia
100%
ustralia apita erritor Australian Capital Territory
96%
out ustrali South Australia
92%
e out ale New South Wales
83%
No matching quizzes found
Score Distribution
Percent of People with Each Score
Percentile by Number Answered
Your Score History
You have not taken this quiz